[Event "SCO-ch 123rd"]
[Site "Glasgow"]
[Date "2016.07.16"]
[Round "8"]
[White "McKay, Roderick M"]
[Black "Lapidus, Mark"]
[Result "0-1"]
[WhiteElo "2357"]
[BlackElo "2221"]
[PlyCount "98"]
[EventDate "2016.07.09"]
[EventType "swiss"]
[EventRounds "9"]
[EventCountry "SCO"]
[SourceTitle "CBM 173 Extra"]
[Source "ChessBase"]
[SourceDate "2016.08.29"]
[SourceVersion "1"]
[SourceVersionDate "2016.08.29"]
[SourceQuality "1"]

1. f4 f5 2. Nf3 Nf6 3. g3 c5 4. Bg2 Nc6 5. d3 d5 6. 0-0 e6 7. c4 Be7 8. Nc3 0-0 9. Ne5 Qd6 10. Nxc6 bxc6 11. e4 dxe4 12. dxe4 Qd4+ 13. Kh1 Ba6 14. Qc2 Qxc4 15. exf5 Qd3 16. Qxd3 Bxd3 17. Re1 Bxf5 18. Be3 Rab8 19. Na4 Rfd8 20. b3 c4 21. Bxa7 Rb7 22. Bc5 Bxc5 23. Nxc5 Rb5 24. Nxe6 Rd2 25. Rac1 cxb3 26. axb3 Rxb3 27. Ng5 Rbb2 28. Ra1 Rb8 29. Nf3 Rd6 30. Ne5 Bd7 31. Ra7 Be8 32. g4 Rd2 33. h3 Nd5 34. Nc4 Rf2 35. Nd6 Nxf4 36. Rb7 Rd8 37. Bf1 Bg6 38. Bc4+ Kf8 39. h4 h5 40. g5 Nd5 41. Re6 Nf4 42. Re3 Rd2 43. Rf3 Rd4 44. Rf7+ Bxf7 45. Nxf7 Re8 46. Nd6 Re5 47. Bf1 Rc5 48. Nb7 Rc2 49. Na5 Ke7 0-1

[Event "SCO-ch 123rd"]
[Site "Glasgow"]
[Date "2016.07.12"]
[Round "4"]
[White "Lapidus, Mark"]
[Black "Connolly Sams, Lukah"]
[Result "1-0"]
[WhiteElo "2221"]
[BlackElo "1498"]
[PlyCount "35"]
[EventDate "2016.07.09"]
[EventType "swiss"]
[EventRounds "9"]
[EventCountry "SCO"]
[SourceTitle "CBM 173 Extra"]
[Source "ChessBase"]
[SourceDate "2016.08.29"]
[SourceVersion "1"]
[SourceVersionDate "2016.08.29"]
[SourceQuality "1"]

1. d4 d5 2. Nf3 Nf6 3. c4 e6 4. Nc3 Be7 5. Bf4 0-0 6. e3 Nh5 7. Bg3 Nxg3 8. hxg3 b6 9. Bd3 g6 10. Ne5 Bf6 11. Qf3 Bxe5 12. dxe5 Bb7 13. g4 Nd7 14. Qh3 Re8 15. Qxh7+ Kf8 16. Qh6+ Ke7 17. Qg5+ Nf6 18. Qxf6+ 1-0

[Event "Berlin Maccabi op"]
[Site "Berlin"]
[Date "2015.08.04"]
[Round "7"]
[White "Baskin, Robert"]
[Black "Lapidus, Mark"]
[Result "1-0"]
[WhiteElo "2328"]
[BlackElo "2202"]
[PlyCount "51"]
[EventDate "2015.07.29"]
[EventType "swiss"]
[EventRounds "7"]
[EventCountry "GER"]
[SourceTitle "CBM 167 Extra"]
[Source "ChessBase"]
[SourceDate "2015.09.14"]
[SourceVersion "1"]
[SourceVersionDate "2015.09.14"]
[SourceQuality "1"]

1. e4 d6 2. d4 g6 3. Nc3 Bg7 4. f4 c6 5. Nf3 Nf6 6. Bd3 0-0 7. 0-0 b5 8. e5 dxe5 9. dxe5 Nd5 10. Nxd5 Qxd5 11. Qe2 Qd8 12. Be3 Qc7 13. c4 b4 14. h3 a5 15. Qf2 Na6 16. Qg3 Rd8 17. Rad1 Kf8 18. Ng5 Kg8 19. e6 Bxe6 20. Qh4 Qc8 21. Qxh7+ Kf8 22. Bxg6 Bxc4 23. Bh5 Bxa2 24. f5 Qc7 25. Rxd8+ Rxd8 26. Ne6+ 1-0

[Event "Berlin Maccabi op"]
[Site "Berlin"]
[Date "2015.08.03"]
[Round "6"]
[White "Heifez, Eugen"]
[Black "Lapidus, Mark"]
[Result "0-1"]
[WhiteElo "2202"]
[BlackElo "2202"]
[PlyCount "66"]
[EventDate "2015.07.29"]
[EventType "swiss"]
[EventRounds "7"]
[EventCountry "GER"]
[SourceTitle "CBM 167 Extra"]
[Source "ChessBase"]
[SourceDate "2015.09.14"]
[SourceVersion "1"]
[SourceVersionDate "2015.09.14"]
[SourceQuality "1"]

1. e4 g6 2. Nc3 Bg7 3. g3 e5 4. Bg2 d6 5. d3 Nc6 6. f4 Be6 7. Nf3 Qd7 8. Be3 h6 9. Qd2 Nge7 10. d4 exf4 11. Bxf4 d5 12. 0-0-0 0-0-0 13. e5 g5 14. Be3 Nf5 15. Bf2 Na5 16. g4 Ne7 17. h3 Nc4 18. Qe2 Ng6 19. Bg3 Nf4 20. Bxf4 gxf4 21. Ne1 Ne3 22. Rd2 h5 23. g5 Qe7 24. Nd3 Qxg5 25. Nc5 c6 26. Bf3 Bf8 27. Nd3 Qh4 28. Nf2 Qg3 29. Ng4 Be7 30. Nxe3 fxe3 31. Rdd1 Rdg8 32. Kb1 Bxh3 33. Qxe3 Bg2 0-1

[Event "Berlin Maccabi op"]
[Site "Berlin"]
[Date "2015.08.02"]
[Round "5"]
[White "Lapidus, Mark"]
[Black "Kvetny, Mark"]
[Result "0-1"]
[WhiteElo "2202"]
[BlackElo "2394"]
[PlyCount "78"]
[EventDate "2015.07.29"]
[EventType "swiss"]
[EventRounds "7"]
[EventCountry "GER"]
[SourceTitle "CBM 167 Extra"]
[Source "ChessBase"]
[SourceDate "2015.09.14"]
[SourceVersion "1"]
[SourceVersionDate "2015.09.14"]
[SourceQuality "1"]

1. d4 Nf6 2. c4 e6 3. Nc3 Bb4 4. Qc2 d5 5. a3 Bxc3+ 6. Qxc3 Nc6 7. e3 e5 8. dxe5 Ne4 9. Qd3 Nc5 10. Qc2 dxc4 11. Bxc4 Nxe5 12. Bb5+ c6 13. Qxc5 Qa5+ 14. Bd2 Nd3+ 15. Ke2 Qxd2+ 16. Kxd2 Nxc5 17. Bc4 Bf5 18. Nf3 0-0-0+ 19. Nd4 Be6 20. Rac1 Bxc4 21. Rxc4 Nb3+ 22. Kc3 Nxd4 23. Rxd4 Rxd4 24. exd4 Re8 25. Kd3 Kd7 26. a4 Kd6 27. b4 Re6 28. Rc1 Rh6 29. h3 Rh5 30. Ke4 b6 31. Rc3 a5 32. Rb3 b5 33. Kd3 bxa4 34. Ra3 axb4 35. Rxa4 Rb5 36. Kc4 b3 37. Ra1 b2 38. Rb1 g5 39. d5 Rc5+ 0-1

[Event "Berlin Maccabi op"]
[Site "Berlin"]
[Date "2015.07.31"]
[Round "4"]
[White "Petrovski, Igor"]
[Black "Lapidus, Mark"]
[Result "0-1"]
[WhiteElo "2191"]
[BlackElo "2202"]
[PlyCount "86"]
[EventDate "2015.07.29"]
[EventType "swiss"]
[EventRounds "7"]
[EventCountry "GER"]
[SourceTitle "CBM 167 Extra"]
[Source "ChessBase"]
[SourceDate "2015.09.14"]
[SourceVersion "1"]
[SourceVersionDate "2015.09.14"]
[SourceQuality "1"]

1. e4 g6 2. d4 d6 3. Nc3 Bg7 4. Be3 a6 5. a4 Nd7 6. g3 c5 7. dxc5 Nxc5 8. Nge2 Nf6 9. e5 Ng4 10. Bxc5 dxc5 11. Qxd8+ Kxd8 12. f4 Be6 13. 0-0-0+ Kc7 14. Nd5+ Bxd5 15. Rxd5 Kc6 16. Nc3 Ne3 17. Rd3 Nxf1 18. Rxf1 Rad8 19. Rfd1 Rxd3 20. Rxd3 g5 21. Nd5 e6 22. Nc3 Rg8 23. Kd2 gxf4 24. gxf4 Bh6 25. Ke3 Rg2 26. Ne2 Kc7 27. h4 Rh2 28. Kf3 Bf8 29. c4 Rxh4 30. Ng3 Rh2 31. Ne4 Be7 32. Kg4 h5+ 33. Kg3 Rxb2 34. Ng5 Rb4 35. Nxf7 Rxc4 36. Nh8 Rxa4 37. Ng6 c4 38. Rd1 Ra3+ 39. Kg2 Bc5 40. f5 exf5 41. e6 Re3 42. Rd7+ Kc6 43. Nf4 c3 0-1

[Event "Berlin Maccabi op"]
[Site "Berlin"]
[Date "2015.07.30"]
[Round "3"]
[White "Lapidus, Mark"]
[Black "Beinenson, Katsiaryna"]
[Result "1-0"]
[WhiteElo "2202"]
[BlackElo "1879"]
[PlyCount "43"]
[EventDate "2015.07.29"]
[EventType "swiss"]
[EventRounds "7"]
[EventCountry "GER"]
[SourceTitle "CBM 167 Extra"]
[Source "ChessBase"]
[SourceDate "2015.09.14"]
[SourceVersion "1"]
[SourceVersionDate "2015.09.14"]
[SourceQuality "1"]

1. d4 d5 2. Nf3 Nf6 3. c4 c6 4. Nc3 a6 5. cxd5 cxd5 6. Bf4 e6 7. e3 Bd6 8. Ne5 b5 9. Bd3 Bb7 10. Rc1 0-0 11. Qf3 b4 12. Na4 Ne4 13. Qh3 g5 14. Bg3 f5 15. f3 Nxg3 16. hxg3 Qe7 17. Ng6 hxg6 18. Qh8+ Kf7 19. Rh7+ Ke8 20. Rxe7+ Kxe7 21. Qg7+ Rf7 22. Qxg6 1-0

[Event "Keres Memorial-A"]
[Site "Tallinn"]
[Date "2013.01.16"]
[Round "6"]
[White "Lapidus, Mark"]
[Black "Ladva, Ottomar"]
[Result "0-1"]
[WhiteElo "2215"]
[BlackElo "2267"]
[PlyCount "106"]
[EventDate "2013.01.13"]
[EventType "tourn"]
[EventRounds "9"]
[EventCountry "EST"]
[EventCategory "4"]
[SourceTitle "CBM 152 Extra"]
[Source "ChessBase"]
[SourceDate "2013.02.25"]
[SourceVersion "1"]
[SourceVersionDate "2013.02.25"]
[SourceQuality "1"]

1. d4 d5 2. Nf3 Nf6 3. c4 e6 4. Nc3 Be7 5. Bf4 0-0 6. e3 Nbd7 7. h3 c5 8. cxd5 Nxd5 9. Nxd5 exd5 10. Bd3 c4 11. Bc2 b5 12. 0-0 Bb7 13. Ne5 Nxe5 14. dxe5 Bc5 15. Qg4 Qe7 16. Rad1 Bb6 17. Qf5 g6 18. Bg5 Qe6 19. Qxe6 fxe6 20. h4 Bc7 21. f4 Bb6 22. Kf2 Kg7 23. h5 Bd8 24. Ke2 gxh5 25. Rh1 h6 26. Rxh5 Rh8 27. Rdh1 d4 28. exd4 Bxg5 29. fxg5 Bxg2 30. gxh6+ Kf7 31. R1h4 Rag8 32. Rf4+ Ke7 33. Rh2 Bd5 34. h7 Rg7 35. Rhf2 b4 36. Rh2 a5 37. Rf6 Kd7 38. Bg6 Ke7 39. Ke3 Bc6 40. Kf4 Bd5 41. Kg5 Be4 42. d5 exd5 43. Ra6 Bxg6 44. Rxg6 Rhxh7 45. Rxh7 Rxh7 46. Ra6 Rh2 47. Kf4 Rf2+ 48. Ke3 Rxb2 49. Rxa5 Ke6 50. Kf4 Rf2+ 51. Ke3 Rh2 52. Kd4 Rh4+ 53. Kc5 c3 0-1

[Event "Keres Memorial rap qual 22nd"]
[Site "Tallinn"]
[Date "2013.01.12"]
[Round "7"]
[White "Lapidus, Mark"]
[Black "Shkapenko, Pavel"]
[Result "1-0"]
[WhiteElo "2215"]
[BlackElo "2407"]
[PlyCount "103"]
[EventDate "2013.01.11"]
[EventType "swiss"]
[EventRounds "7"]
[EventCountry "EST"]
[SourceTitle "CBM 152 Extra"]
[Source "ChessBase"]
[SourceDate "2013.02.25"]
[SourceVersion "1"]
[SourceVersionDate "2013.02.25"]
[SourceQuality "1"]

1. d4 Nf6 2. c4 e6 3. Nf3 Bb4+ 4. Bd2 Qe7 5. Nc3 Bxc3 6. Bxc3 Ne4 7. Qc2 Nxc3 8. Qxc3 0-0 9. e3 d6 10. Bd3 Re8 11. 0-0 e5 12. dxe5 dxe5 13. Nd2 Nd7 14. Qc2 Nf6 15. Ne4 Nxe4 16. Bxe4 g6 17. Rfd1 f5 18. Bd5+ Kg7 19. Qc3 Qf6 20. c5 e4 21. Rd4 a5 22. Bxb7 Be6 23. Bxa8 Rxa8 24. Rad1 Kh6 25. a3 Qe5 26. R4d3 Qxc3 27. Rxc3 Rb8 28. Rd2 Kg5 29. Kf1 Kf6 30. c6 a4 31. Ke1 Ke7 32. Kd1 Rb5 33. Kc1 Ra5 34. Rd4 Bd5 35. Rb4 Kd6 36. Rb8 Bxc6 37. Rd8+ Bd7 38. Rc2 Ke7 39. Rh8 Be6 40. Rxh7+ Kf6 41. Rhxc7 Bb3 42. R2c6+ Kg5 43. Rg7 Kh5 44. Rgxg6 Bf7 45. Rgf6 Be8 46. Rh6+ Kg5 47. h4+ Kg4 48. Rc7 Bh5 49. Rg7+ Kxh4 50. Rgh7 f4 51. exf4 Rd5 52. Rxh5+ 1-0

[Event "Puhajarve rap op 13th"]
[Site "Puhajarve"]
[Date "2012.11.24"]
[Round "21"]
[White "Lapidus, Mark"]
[Black "Volodin, Aleksandr"]
[Result "0-1"]
[WhiteElo "2215"]
[BlackElo "2502"]
[PlyCount "68"]
[EventDate "2012.11.23"]
[EventType "tourn (rapid)"]
[EventRounds "31"]
[EventCountry "EST"]
[SourceTitle "CBM 151 Extra"]
[Source "ChessBase"]
[SourceDate "2012.12.18"]
[SourceVersion "1"]
[SourceVersionDate "2012.12.18"]
[SourceQuality "1"]

1. d4 Nf6 2. c4 c5 3. Nf3 cxd4 4. Nxd4 b6 5. Nc3 Bb7 6. Qc2 d6 7. e4 Nbd7 8. Be2 e6 9. 0-0 Be7 10. Be3 a6 11. Rac1 0-0 12. f3 Rc8 13. Qd2 Qc7 14. Rfd1 Rfe8 15. Qe1 Qb8 16. Qf2 Bd8 17. Nb3 Bc7 18. g3 h5 19. Bg5 Bd8 20. Bf4 Ne5 21. Rd2 Bc7 22. Rcd1 h4 23. gxh4 d5 24. Bxe5 Bxe5 25. cxd5 exd5 26. Nxd5 Nxd5 27. exd5 Bf4 28. Rd3 Rc2 29. Nd4 Rxb2 30. Qg2 Qe5 31. Kh1 Bxd5 32. Rg1 g6 33. Qg4 Rxe2 34. Nxe2 Qxe2 0-1

[Event "Wch U18"]
[Site "Maribor"]
[Date "2012.11.18"]
[Round "11.21"]
[White "Kriebel, Tadeas"]
[Black "Lapidus, Mark"]
[Result "1-0"]
[WhiteElo "2359"]
[BlackElo "2215"]
[PlyCount "63"]
[EventDate "2012.11.08"]
[EventType "swiss"]
[EventRounds "11"]
[EventCountry "SLO"]
[SourceTitle "EXT 2013"]
[Source "ChessBase"]
[SourceDate "2012.11.22"]
[SourceVersion "1"]
[SourceVersionDate "2012.11.22"]
[SourceQuality "1"]

1. d4 Nf6 2. c4 e6 3. Nf3 d5 4. Nc3 c6 5. cxd5 exd5 6. Qc2 Be7 7. Bf4 0-0 8. e3 Nbd7 9. Bd3 Re8 10. 0-0-0 Nf8 11. h3 b5 12. Ne5 Bb7 13. g4 a5 14. Rdg1 a4 15. g5 N6d7 16. Bxh7+ Nxh7 17. g6 Nxe5 18. gxh7+ Kh8 19. dxe5 Bc8 20. Ne2 Qd7 21. Nd4 Bf8 22. Bh6 c5 23. e6 fxe6 24. Nf3 e5 25. Nh4 Ra6 26. Ng6+ Rxg6 27. Qxg6 Re6 28. Qf5 Rf6 29. Qxf6 gxf6 30. Bxf8 Qf5 31. Rg8+ Kxh7 32. Rhg1 1-0

[Event "Wch U18"]
[Site "Maribor"]
[Date "2012.11.16"]
[Round "9.25"]
[White "Lapidus, Mark"]
[Black "Tomazini, Zan"]
[Result "1-0"]
[WhiteElo "2215"]
[BlackElo "2368"]
[PlyCount "77"]
[EventDate "2012.11.08"]
[EventType "swiss"]
[EventRounds "11"]
[EventCountry "SLO"]
[SourceTitle "EXT 2013"]
[Source "ChessBase"]
[SourceDate "2012.11.22"]
[SourceVersion "1"]
[SourceVersionDate "2012.11.22"]
[SourceQuality "1"]

1. d4 Nf6 2. c4 g6 3. Nc3 Bg7 4. e4 d6 5. Be2 0-0 6. Bg5 h6 7. Be3 c5 8. d5 e6 9. Qd2 exd5 10. cxd5 Re8 11. f3 Kh7 12. g4 Na6 13. Nh3 Nc7 14. Nf4 Rb8 15. a4 a6 16. a5 b5 17. axb6 Rxb6 18. h4 Nd7 19. h5 g5 20. Nh3 Qf6 21. Kf1 Rb4 22. Kg2 Nb5 23. Nxb5 Rxb2 24. Qd1 axb5 25. Ra7 Ne5 26. Nf2 Nc4 27. Bc1 Rb1 28. Bxc4 bxc4 29. Qc2 Rxc1 30. Rxc1 Qf4 31. e5+ Kg8 32. e6 Rf8 33. e7 Re8 34. Qa4 Bxg4 35. Qxe8+ Kh7 36. Nxg4 Bd4 37. Qg8+ Kxg8 38. e8Q+ Kg7 39. Rxf7+ 1-0

[Event "Wch U18"]
[Site "Maribor"]
[Date "2012.11.12"]
[Round "6.37"]
[White "Kyrkjebo, Erlend"]
[Black "Lapidus, Mark"]
[Result "0-1"]
[WhiteElo "2048"]
[BlackElo "2215"]
[PlyCount "78"]
[EventDate "2012.11.08"]
[EventType "swiss"]
[EventRounds "11"]
[EventCountry "SLO"]
[SourceTitle "EXT 2013"]
[Source "ChessBase"]
[SourceDate "2012.11.22"]
[SourceVersion "1"]
[SourceVersionDate "2012.11.22"]
[SourceQuality "1"]

1. e4 d6 2. d4 g6 3. Nc3 Bg7 4. Be3 a6 5. Qd2 b5 6. h4 h5 7. Nh3 Nf6 8. Ng5 0-0 9. f3 Nbd7 10. 0-0-0 Bb7 11. g4 c5 12. gxh5 Nxh5 13. Ne2 cxd4 14. Bxd4 Ne5 15. Nf4 Ng3 16. h5 Nxh1 17. Qh2 Nxf3 18. Nxf3 Bxd4 19. hxg6 fxg6 20. Ng5 Rf7 21. Nxf7 Be3+ 22. Kb1 Bxf4 23. Qxf4 Qf8 24. Bc4 Ng3 25. Qxg3 bxc4 26. Qxg6+ Qg7 27. Nh6+ Kh8 28. Nf7+ Kg8 29. Nh6+ Kh8 30. Qe6 Rf8 31. Nf5 Qh7 32. Nxe7 Bxe4 33. Rg1 Bxc2+ 34. Kc1 Bb1 35. Ng6+ Bxg6 36. Rxg6 Rf1+ 37. Kd2 Qh2+ 38. Kc3 Rc1+ 39. Kb4 Qxb2+ 0-1

[Event "Wch U18"]
[Site "Maribor"]
[Date "2012.11.08"]
[Round "1.3"]
[White "Lapidus, Mark"]
[Black "Bok, Benjamin"]
[Result "0-1"]
[WhiteElo "2215"]
[BlackElo "2530"]
[PlyCount "54"]
[EventDate "2012.11.08"]
[EventType "swiss"]
[EventRounds "11"]
[EventCountry "SLO"]
[SourceTitle "EXT 2013"]
[Source "ChessBase"]
[SourceDate "2012.11.22"]
[SourceVersion "1"]
[SourceVersionDate "2012.11.22"]
[SourceQuality "1"]

1. Nf3 Nf6 2. c4 c5 3. d4 cxd4 4. Nxd4 Nc6 5. Nc3 e6 6. e4 Bb4 7. Nxc6 dxc6 8. Qxd8+ Kxd8 9. Bd2 e5 10. f3 Ke7 11. a3 Bd6 12. Be3 Be6 13. 0-0-0 b6 14. Na4 Nd7 15. Bd3 Rhb8 16. b4 a5 17. c5 Bc7 18. cxb6 Nxb6 19. Bc5+ Kf6 20. Nc3 Nd7 21. Bc2 axb4 22. axb4 Nxc5 23. bxc5 Ra5 24. Na4 Rb4 25. Nb2 Ra2 26. Nd3 Rc4 27. Nb2 Rxc5 0-1

[Event "Wch U20 51st"]
[Site "Athens"]
[Date "2012.08.15"]
[Round "13"]
[White "Lapidus, Mark"]
[Black "Firat, Burak"]
[Result "1-0"]
[WhiteElo "2129"]
[BlackElo "2423"]
[PlyCount "93"]
[EventDate "2012.08.02"]
[EventType "swiss"]
[EventRounds "13"]
[EventCountry "GRE"]
[SourceTitle "CBM 149 Extra"]
[Source "ChessBase"]
[SourceDate "2012.08.24"]
[SourceVersion "1"]
[SourceVersionDate "2012.08.24"]
[SourceQuality "1"]

1. d4 Nf6 2. Bf4 g6 3. e3 Bg7 4. c4 0-0 5. Nc3 d6 6. h3 Nfd7 7. Nf3 e5 8. Bh2 Nc6 9. Be2 Re8 10. 0-0 h5 11. a3 Nf8 12. dxe5 Nxe5 13. Nxe5 Bxe5 14. Bxe5 Rxe5 15. Nd5 c6 16. Nf4 Qe7 17. Qd2 Bf5 18. Rfd1 Rd8 19. Bd3 Bc8 20. Qc3 h4 21. Be2 Nh7 22. Nd3 Rg5 23. Kf1 Nf6 24. Qd4 Ne4 25. Bf3 Bf5 26. Qxa7 Re8 27. Rac1 c5 28. Qa5 Qf6 29. Qb5 Qe7 30. Nf4 Bd7 31. Qxb7 Nxf2 32. Re1 Nh1 33. Nd5 Rxd5 34. Qxd5 Qf6 35. Kg1 Ng3 36. Rcd1 Nf5 37. b4 cxb4 38. axb4 Re5 39. Qd2 Be6 40. e4 Ng3 41. Qxd6 Kg7 42. c5 Qf4 43. Qd2 Qf6 44. Qc3 Kh7 45. c6 Qf4 46. Qd2 Qf6 47. c7 1-0

[Event "Wch U20 51st"]
[Site "Athens"]
[Date "2012.08.11"]
[Round "9"]
[White "Lapidus, Mark"]
[Black "Holt, Conrad"]
[Result "0-1"]
[WhiteElo "2129"]
[BlackElo "2498"]
[PlyCount "74"]
[EventDate "2012.08.02"]
[EventType "swiss"]
[EventRounds "13"]
[EventCountry "GRE"]
[SourceTitle "CBM 149 Extra"]
[Source "ChessBase"]
[SourceDate "2012.08.24"]
[SourceVersion "1"]
[SourceVersionDate "2012.08.24"]
[SourceQuality "1"]

1. e4 e6 2. Qe2 c5 3. Nf3 Nc6 4. g3 g6 5. Bg2 Bg7 6. d3 d6 7. c3 e5 8. 0-0 Nge7 9. a3 0-0 10. b4 f5 11. Qa2+ Kh8 12. Ng5 Qe8 13. Ne6 Bxe6 14. Qxe6 Rd8 15. b5 Na5 16. Bg5 Ng8 17. exf5 gxf5 18. Qa2 Bf6 19. Bxf6+ Nxf6 20. a4 d5 21. Nd2 e4 22. Rfe1 Qh5 23. c4 Ng4 24. h3 Ne5 25. cxd5 Nxd3 26. Re3 Qh6 27. g4 Qg7 28. Rb1 Nf4 29. Nc4 Nxc4 30. Qxc4 Rxd5 31. Rg3 Qd4 32. Qa2 Nxg2 33. Kxg2 f4 34. Ra3 e3 35. Re1 f3+ 36. Kg1 e2 37. Qc2 Qd2 0-1

[Event "Wch U20 51st"]
[Site "Athens"]
[Date "2012.08.07"]
[Round "6"]
[White "Mihok, Oliver"]
[Black "Lapidus, Mark"]
[Result "0-1"]
[WhiteElo "2456"]
[BlackElo "2129"]
[PlyCount "124"]
[EventDate "2012.08.02"]
[EventType "swiss"]
[EventRounds "13"]
[EventCountry "GRE"]
[SourceTitle "CBM 149 Extra"]
[Source "ChessBase"]
[SourceDate "2012.08.24"]
[SourceVersion "1"]
[SourceVersionDate "2012.08.24"]
[SourceQuality "1"]

1. e4 e6 2. d4 d5 3. e5 c5 4. c3 Nc6 5. g3 Qb6 6. Ne2 Bd7 7. Bh3 h5 8. 0-0 Be7 9. dxc5 Bxc5 10. b4 Be7 11. Be3 Qc7 12. f4 Nh6 13. Kh1 0-0-0 14. Na3 a6 15. Nc2 d4 16. Nexd4 Nxd4 17. Bxd4 Nf5 18. Bg2 Ba4 19. Rc1 Ne3 20. Nxe3 Bxd1 21. Rfxd1 h4 22. g4 Rd7 23. h3 Rhd8 24. g5 Kb8 25. a3 f6 26. gxf6 gxf6 27. Ng4 f5 28. Nf6 Bxf6 29. exf6 Qxf4 30. Re1 Ka8 31. Rc2 Re8 32. Rce2 Qg3 33. Re3 Qg8 34. b5 f4 35. R3e2 axb5 36. Re5 Qg3 37. Rf1 Rg8 38. Re2 e5 39. Bxe5 f3 40. Bxg3 fxe2 41. Re1 hxg3 42. Bf3 Rd1 43. Rxd1 exd1Q+ 44. Bxd1 Rf8 45. Be2 Rxf6 46. Bxb5 Rf2 47. a4 Ka7 48. Kg1 Kb6 49. Be8 Rh2 50. Bd7 Kc7 51. Bb5 b6 52. c4 Kd6 53. Kf1 Ke5 54. Kg1 Kf4 55. Bd7 Rc2 56. Be6 Kg5 57. Bd5 Kh4 58. Be6 Rb2 59. Bf5 Rb4 60. Be6 Rxa4 61. Kg2 Ra2+ 62. Kg1 Re2 0-1

[Event "Wch U20 51st"]
[Site "Athens"]
[Date "2012.08.05"]
[Round "4"]
[White "Farid, Firman Syah"]
[Black "Lapidus, Mark"]
[Result "0-1"]
[WhiteElo "2318"]
[BlackElo "2129"]
[PlyCount "44"]
[EventDate "2012.08.02"]
[EventType "swiss"]
[EventRounds "13"]
[EventCountry "GRE"]
[SourceTitle "CBM 149 Extra"]
[Source "ChessBase"]
[SourceDate "2012.08.24"]
[SourceVersion "1"]
[SourceVersionDate "2012.08.24"]
[SourceQuality "1"]

1. e4 c6 2. d3 d5 3. Nd2 e5 4. Ngf3 Bd6 5. g3 Nf6 6. Bg2 0-0 7. 0-0 Na6 8. Re1 Re8 9. a3 dxe4 10. dxe4 Be6 11. Qe2 Nc5 12. b3 Qc7 13. Bb2 Rad8 14. h3 b5 15. Qe3 Bc8 16. Rac1 a5 17. c3 Qb8 18. Ba1 Bc7 19. Rf1 Bb6 20. Qe2 Qa7 21. Ne1 Rxd2 22. Qxd2 Ncxe4 0-1

[Event "Wch U20 51st"]
[Site "Athens"]
[Date "2012.08.04"]
[Round "3"]
[White "Lapidus, Mark"]
[Black "Davis, Ashley J"]
[Result "1-0"]
[WhiteElo "2129"]
[BlackElo "1929"]
[PlyCount "65"]
[EventDate "2012.08.02"]
[EventType "swiss"]
[EventRounds "13"]
[EventCountry "GRE"]
[SourceTitle "CBM 149 Extra"]
[Source "ChessBase"]
[SourceDate "2012.08.24"]
[SourceVersion "1"]
[SourceVersionDate "2012.08.24"]
[SourceQuality "1"]

1. Nf3 Nf6 2. c4 c5 3. Nc3 Nc6 4. d4 cxd4 5. Nxd4 a6 6. e4 d6 7. Be2 g6 8. Be3 Bg7 9. Nb3 0-0 10. 0-0 Be6 11. f3 Rc8 12. Nd5 Nd7 13. Qd2 Nce5 14. Rac1 f5 15. Nd4 Bxd5 16. exd5 f4 17. Bxf4 Rxf4 18. Qxf4 Qb6 19. Kh1 Rf8 20. Qd2 Nc5 21. b4 Ncd3 22. Bxd3 Qxd4 23. Rcd1 Nxc4 24. Bxc4 Qxc4 25. Rc1 Qh4 26. f4 g5 27. Qe1 Qxe1 28. Rcxe1 Bc3 29. Rxe7 Bxb4 30. Rxb7 Bc5 31. f5 Bd4 32. Re1 Be5 33. Rc1 1-0

[Event "Vaksali Raua Memorial 46th"]
[Site "Vaksali"]
[Date "2012.07.07"]
[Round "2"]
[White "Lapidus, Mark"]
[Black "Ehlvest, Jaan"]
[Result "0-1"]
[WhiteElo "2129"]
[BlackElo "2596"]
[PlyCount "123"]
[EventDate "2012.07.07"]
[EventType "swiss (rapid)"]
[EventRounds "7"]
[EventCountry "EST"]
[SourceTitle "CBM 149 Extra"]
[Source "ChessBase"]
[SourceDate "2012.08.24"]
[SourceVersion "1"]
[SourceVersionDate "2012.08.24"]
[SourceQuality "1"]

1. Nf3 d6 2. d4 g6 3. c4 f5 4. Nc3 Nf6 5. g3 Bg7 6. Bg2 0-0 7. 0-0 c6 8. Re1 Na6 9. e4 fxe4 10. Nxe4 Nxe4 11. Rxe4 Bf5 12. Re1 e5 13. dxe5 dxe5 14. Bd2 Bg4 15. h3 Bxf3 16. Bxf3 Rxf3 17. Qxf3 Qxd2 18. Red1 Qg5 19. h4 Qf5 20. Qe3 Nb4 21. Rac1 Nc2 22. Qd3 Nd4 23. Qxf5 gxf5 24. Kf1 c5 25. Rb1 a5 26. b3 Ra6 27. Kg2 e4 28. h5 Kf7 29. Rh1 Bh6 30. Rbd1 Ke6 31. Rh4 Rb6 32. Rhh1 Rb4 33. Rb1 Kf6 34. Rhd1 Ke5 35. Rh1 Bd2 36. Rbd1 Bg5 37. Rb1 h6 38. Rhd1 Rb6 39. Kf1 Ra6 40. Kg2 Ra8 41. Kf1 Rg8 42. a3 Be7 43. Rb2 Rg5 44. Rbd2 Rxh5 45. Kg2 Rg5 46. Kf1 Rg6 47. b4 Rb6 48. bxa5 Rb3 49. Ra1 Bg5 50. Rdd1 Bd8 51. Rab1 Bxa5 52. Rxb3 Nxb3 53. Rd7 b6 54. Ke2 Nd2 55. Rh7 Nxc4 56. Rxh6 Nxa3 57. Rh5 Kf6 58. Rh6+ Kg5 59. Rh8 Nc4 60. Rg8+ Kf6 61. Rf8+ Ke6 62. Re8+ 0-1

[Event "EST-ch U20"]
[Site "Tallinn"]
[Date "2010.??.??"]
[Round "4"]
[White "Ladva, Ottomar"]
[Black "Lapidus, Mark"]
[Result "1-0"]
[WhiteElo "1990"]
[BlackElo "1977"]
[PlyCount "103"]
[EventDate "2010.05.13"]
[EventType "tourn"]
[EventRounds "7"]
[EventCountry "EST"]
[SourceTitle "EXT 2018"]
[Source "ChessBase"]
[SourceDate "2017.10.13"]
[SourceVersion "1"]
[SourceVersionDate "2017.10.13"]
[SourceQuality "1"]

1. e4 e6 2. d4 d5 3. Nc3 Bb4 4. e5 c5 5. a3 Bxc3+ 6. bxc3 Qc7 7. h4 Ne7 8. h5 h6 9. Bd2 Nbc6 10. Nf3 Bd7 11. Bd3 c4 12. Be2 0-0-0 13. a4 Qa5 14. Kf1 Rdg8 15. Qe1 Qd8 16. Bc1 Na5 17. Ba3 g6 18. Nd2 Nec6 19. hxg6 fxg6 20. Bd6 h5 21. Qd1 Be8 22. Kg1 Rh7 23. f4 g5 24. Bg4 Qd7 25. Bxh5 Rgh8 26. g4 gxf4 27. Kf2 Bxh5 28. Rxh5 Rxh5 29. gxh5 Qh7 30. Qg4 Nd8 31. Rg1 Qxc2 32. Qxf4 Qh7 33. h6 Qxh6 34. Qxh6 Rxh6 35. Rg7 Ndc6 36. Nf3 Kd8 37. Ng5 Ke8 38. Nh7 Rxh7 39. Rxh7 a6 40. Ke3 b5 41. axb5 axb5 42. Kf4 Nb3 43. Rc7 b4 44. Rxc6 bxc3 45. Ke3 c2 46. Ba3 Kf7 47. Rc7+ Kg6 48. Re7 c1Q+ 49. Bxc1 Nxc1 50. Rxe6+ Kf7 51. Rd6 c3 52. Rxd5 1-0